| 000 | 00366nam a2200145Ia 4500 | ||
|---|---|---|---|
| 008 | 240624s9999 xx 000 0 und d | ||
| 041 | _aeng | ||
| 082 | _a659.1 BOY | ||
| 100 | _aBOYAN LEE | ||
| 245 | _aSUCCESSFUL COLD CALL SELLING OVER 100 NE | ||
| 250 | _a(2nd ed.) | ||
| 260 |
_c1989 _aNew York _bAMACOM |
||
| 300 | _axii, : 275 : p. : cm. ; 22 | ||
| 365 |
_c _b28 |
||
| 999 |
_c22564 _d22564 |
||